000 01181nam1a22002891i 4500
001 RU\INFOCOMM_318\NLR\5000076360
005 20240724173451.0
010 _9500 экз.
035 _a(NLR Aleph) 009532760
090 _a8897875
_c8897875
100 _a20121129d1977 |||y0rusy50 ba
101 0 _aeng
102 _aRU
105 _ay z |||||
200 1 _aAbstracts of reports
_f[Ed. board: N. B. Vassoevich (chairman) a. o.]
_gIntern. assoc. for geochemistry and cosmochemistry. USSR Acad. of sciences. USSR Min. of higher and specialized secondary education. USSR Min. of gas industry. USSR Min. of geology. USSR Min. of petroleum industry. 8th Intern. congr. on organic geochemistry, Moscow, May 10-13, 1977
210 _aM.
_d1977
215 _a2 т.
_d21 см
620 _aМосква
686 _aД31я431
_2rubbk
686 _aД453-43я431
_2rubbk
702 1 _9z01790
_aVassoevič
_bN. B.
_f1902
_gNikolaj Bronislavovič
_4340
710 1 2 _aInternational congress on organic geochemistry
_d8
_eMoscow
_f1977
_4070
790 1 _9z01702
_aVassoevich
_bN. B.
_4340
801 1 _aRU
_bNLR
_c20121129
801 0 _aRU
_bINFOCOMM
_gPSBO
852 _aNLR
_jГн01 Д-3/26
942 _cBOOK